The economics of strategy

Αποθηκεύτηκε σε:
Λεπτομέρειες βιβλιογραφικής εγγραφής
Κύριος συγγραφέας: Besanko, David 1955-
Άλλοι συγγραφείς: Dranove, David, Shanley, Mark (Mark T.)
Μορφή: Βιβλίο
Γλώσσα:English
Δημοσίευση: New York : John Wiley & Sons, 1996
Θέματα:
Ετικέτες: Προσθήκη ετικέτας
Δεν υπάρχουν, Καταχωρήστε ετικέτα πρώτοι!

MARC

LEADER 00000nam a2200000 i 4500
001 1/58686
008 980526s1996 eng d
020 |a 0471598496 
035 |l 10028409 
040 |a GR-MY-UA  |b gre  |e aacr 
041 0 |a eng 
082 0 |a 658.4012 
100 1 |a Besanko, David  |d 1955- 
245 1 4 |a The economics of strategy /  |c David Besanko, David Dranove, Mark Shanley 
260 |a New York :   |b John Wiley & Sons,   |c 1996 
300 |a x, 769 p. 
504 |a Includes index 
650 0 0 |a Strategic planning  |x Economic aspects. 
650 0 0 |a Managerial economics. 
700 1 |a Dranove, David. 
700 1 |a Shanley, Mark  |q (Mark T.) 
852 |a INST  |b CHIOS  |e 19980526  |h 658.4012 BES  |p 005200016435  |q 005200016435  |t BK  |y 0 
901 |a BIBL-1998-2 
909 |a Χ  |b 055692 
922 |a 2ΕΛΗ  |b 199804  |c ΤΔΕ  |d ΠΑΠΑΣΩΤΗΡΙΟΥ